[Event "Mittelfr. EM 2019 - HT"]
[Site "Nürnberg"]
[Date "2019.04.16"]
[Round "1.1"]
[White "Kroneder, Christian"]
[Black "Reis, Gerhard"]
[Result "0-1"]
[WhiteElo "2045"]
[BlackElo "2200"]
[PlyCount "58"]
[EventDate "2019.??.??"]
[WhiteTeam "SK Schwanstetten"]
[BlackTeam "SW Nürnberg Süd"]

1. d4 Nf6 2. Bf4 e6 3. e3 c5 4. c3 b6 5. Nd2 cxd4 6. exd4 Bb7 7. Ngf3 Be7 8.
Bd3 O-O 9. Qe2 d6 10. h4 Re8 11. Ng5 Nbd7 12. O-O-O Nf8 13. Bb5 Rc8 14. Bxe8
Qxe8 15. Kb1 Nd5 16. Qg4 Qa4 17. Rc1 f5 18. Qg3 e5 19. Bxe5 dxe5 20. Qxe5 Qd7
21. g4 fxg4 22. Rhg1 Bd6 23. Qe2 Qf5+ 24. Ka1 Nf6 25. Rce1 Re8 26. Qc4+ Bd5 27.
Qb5 Rxe1+ 28. Rxe1 Qxf2 29. Re2 Qxh4 0-1

[Event "Mittelfr. EM 2019 - HT"]
[Site "Nürnberg"]
[Date "2019.04.16"]
[Round "1.2"]
[White "Liepold, Stefan"]
[Black "Link, Andreas"]
[Result "1/2-1/2"]
[WhiteElo "2147"]
[BlackElo "2022"]
[PlyCount "60"]
[EventDate "2019.??.??"]
[WhiteTeam "SC Erlangen"]
[BlackTeam "Zabo-Eintracht Nürnberg"]

1. e4 e5 2. Nf3 Nc6 3. Bb5 a6 4. Ba4 Nf6 5. O-O Be7 6. d4 exd4 7. Re1 b5 8. e5
Nd5 9. Bb3 Nb6 10. c3 dxc3 11. Nxc3 O-O 12. Bf4 d6 13. Nd5 dxe5 14. Nxe7+ Qxe7
15. Nxe5 Nxe5 16. Bxe5 Be6 17. Qf3 Qg5 18. Bxc7 Nc4 19. Bxc4 bxc4 20. Bf4 Qg6
21. Re5 Rad8 22. Rg5 Qf6 23. Qc3 Qxc3 24. bxc3 Rd3 25. Rg3 Rfd8 26. Re1 f6 27.
h4 Rxg3 28. Bxg3 Kf7 29. Rb1 h5 30. Rb7+ Rd7 1/2-1/2

[Event "Mittelfr. EM 2019 - HT"]
[Site "Nürnberg"]
[Date "2019.04.16"]
[Round "1.3"]
[White "Beck, Karl"]
[Black "Kotz, Reinhard"]
[Result "0-1"]
[WhiteElo "1983"]
[BlackElo "2153"]
[PlyCount "54"]
[EventDate "2019.??.??"]
[WhiteTeam "SC Markt Berolzheim"]
[BlackTeam "SK Herzogenaurach"]

1. e4 c5 2. Nf3 d6 3. d4 cxd4 4. Nxd4 Nf6 5. Nc3 g6 6. Be3 Bg7 7. Bc4 O-O 8. f3
Nc6 9. Qd2 Bd7 10. a3 a6 11. Nd5 Ne5 12. Ba2 Rc8 13. O-O Nxd5 14. exd5 Re8 15.
Rfe1 Qc7 16. c3 b5 17. Rad1 Qb7 18. Bf2 a5 19. Bh4 Kf8 20. Re4 Qa7 21. Qf2 Qa6
22. Rde1 Nd3 23. Qe2 Nxe1 24. Bxe7+ Kg8 25. Qxe1 b4 26. Qe3 bxc3 27. bxc3 Qb6
0-1

[Event "Mittelfr. EM 2019 - HT"]
[Site "Nürnberg"]
[Date "2019.04.16"]
[Round "1.4"]
[White "Seibold, Hubert"]
[Black "Hetzner, Hannes"]
[Result "1-0"]
[WhiteElo "2119"]
[BlackElo "1941"]
[PlyCount "93"]
[EventDate "2019.??.??"]
[WhiteTeam "SK Zirndorf"]
[BlackTeam "SC Erlangen"]

1. c4 Nf6 2. g3 e6 3. Bg2 d5 4. Nf3 Be7 5. O-O O-O 6. b3 b6 7. Bb2 c5 8. d3 Bb7
9. e3 Nc6 10. Nbd2 Qd7 11. d4 cxd4 12. Nxd4 Rfd8 13. cxd5 Nxd4 14. Bxd4 Bxd5
15. Nc4 Qb7 16. Bxd5 Nxd5 17. Qf3 f6 18. a4 e5 19. Bb2 Qd7 20. Rad1 Qe6 21. e4
Nb4 22. Rxd8+ Rxd8 23. Rd1 Rd7 24. Qe2 Nc6 25. Rxd7 Qxd7 26. Ne3 Bc5 27. Qc4+
Qf7 28. Nd5 Nb4 29. Kf1 a5 30. Bc3 Nxd5 31. exd5 Qh5 32. d6+ Kf8 33. Qd5 Qh3+
34. Ke2 Ke8 35. Qg8+ Kd7 36. Qxg7+ Kc6 37. Qxf6 Qh5+ 38. Qf3+ Qxf3+ 39. Kxf3
Kxd6 40. Ke4 Bxf2 41. Bxe5+ Ke6 42. Bd4 Be1 43. Bxb6 h5 44. Be3 Kf6 45. Kf3 Bc3
46. h3 Kg6 47. Ke4 1-0

[Event "Mittelfr. EM 2019 - HT"]
[Site "Nürnberg"]
[Date "2019.04.16"]
[Round "1.6"]
[White "Erlbeck, Peter"]
[Black "Löllmann, Heinrich"]
[Result "1/2-1/2"]
[WhiteElo "2069"]
[BlackElo "1921"]
[PlyCount "134"]
[EventDate "2019.??.??"]
[WhiteTeam "SW Nürnberg Süd"]
[BlackTeam "SV Bubenreuth"]

1. e4 e6 2. d4 d5 3. e5 c5 4. c3 Nc6 5. Nf3 cxd4 6. cxd4 Bb4+ 7. Nc3 a6 8. Bd3
h6 9. O-O Nge7 10. Ne2 O-O 11. a3 Ba5 12. Be3 Bd7 13. Nf4 f6 14. exf6 Rxf6 15.
Nh5 Rf8 16. Ne5 Nxe5 17. dxe5 Be8 18. Bc5 Bb6 19. Qg4 Rf7 20. Nf6+ Kh8 21. Bxe7
Rxe7 22. Nxe8 Qxe8 23. Bg6 Qd7 24. Rad1 Rc8 25. Bb1 Qe8 26. Qb4 Bc5 27. Qb3
Rec7 28. Qd3 g5 29. Kh1 Qf7 30. f4 gxf4 31. g3 Be3 32. gxf4 Bxf4 33. Qh3 Rc1
34. Qf3 Rxd1 35. Rxd1 Rf8 36. Rf1 Qg7 37. Qd3 Rg8 38. Qh7+ Qxh7 39. Bxh7 Kxh7
40. Rxf4 Rg5 41. Rf7+ Kg8 42. Rxb7 Rxe5 43. Rb6 d4 44. Rd6 Re4 45. Kg2 Re2+ 46.
Kf3 Rxb2 47. Rxd4 Rxh2 48. Ra4 Kf7 49. Rxa6 Ra2 50. Ke4 Kf6 51. Kf4 h5 52. Ra5
Ra1 53. Rxh5 Rxa3 54. Rh6+ Ke7 55. Ke5 Ra5+ 56. Ke4 Kd6 57. Rh8 Ra4+ 58. Ke3
Kd5 59. Rh5+ e5 60. Ke2 Kd4 61. Rh3 e4 62. Rg3 Ra2+ 63. Ke1 Rh2 64. Ra3 Ke5 65.
Rb3 Kf4 66. Ra3 e3 67. Ra8 Kf3 1/2-1/2

[Event "Mittelfr. EM 2019 - HT"]
[Site "Nürnberg"]
[Date "2019.04.16"]
[Round "2.1"]
[White "Reis, Gerhard"]
[Black "Seibold, Hubert"]
[Result "1/2-1/2"]
[WhiteElo "2200"]
[BlackElo "2119"]
[PlyCount "21"]
[EventDate "2019.??.??"]
[WhiteTeam "SW Nürnberg Süd"]
[BlackTeam "SK Zirndorf"]

1. e4 c5 2. Nf3 g6 3. d4 cxd4 4. Nxd4 Bg7 5. Nc3 Nc6 6. Nb3 Nf6 7. Be2 d6 8.
O-O O-O 9. Kh1 Be6 10. f4 Qc8 11. Bf3 1/2-1/2

[Event "Mittelfr. EM 2019 - HT"]
[Site "Nürnberg"]
[Date "2019.04.16"]
[Round "2.2"]
[White "Kotz, Reinhard"]
[Black "Liepold, Stefan"]
[Result "0-1"]
[WhiteElo "2153"]
[BlackElo "2147"]
[PlyCount "96"]
[EventDate "2019.??.??"]
[WhiteTeam "SK Herzogenaurach"]
[BlackTeam "SC Erlangen"]

1. e4 e6 2. d4 d5 3. Nd2 c5 4. exd5 exd5 5. Ngf3 Nf6 6. Bb5+ Bd7 7. Bxd7+ Qxd7
8. O-O cxd4 9. Re1+ Be7 10. Nf1 O-O 11. Nxd4 Nc6 12. c3 Rfe8 13. Bg5 h6 14. Bh4
g5 15. Bg3 Bc5 16. Nxc6 bxc6 17. Qf3 Ne4 18. h4 Re6 19. hxg5 hxg5 20. Rad1 Rae8
21. Re2 Rf6 22. Rxe4 Rxf3 23. gxf3 Rxe4 24. fxe4 Qg4 25. Rd2 Qxe4 26. b4 Bb6
27. a4 a6 28. b5 axb5 29. axb5 cxb5 30. Rb2 Qd3 31. Rd2 Qf3 32. Rb2 Qd3 33. Rd2
Qf3 34. Rb2 Qxc3 35. Rxb5 Qc6 36. Rb1 f5 37. Be5 Bxf2+ 38. Kh2 Bb6 39. Rb2 Bc7
40. Bxc7 Qxc7+ 41. Kg2 d4 42. Rf2 Qc6+ 43. Kg3 Qd6+ 44. Kg2 Qd5+ 45. Kg3 Kg7
46. Nd2 Kg6 47. Nf3 f4+ 48. Kh2 g4 0-1

[Event "Mittelfr. EM 2019 - HT"]
[Site "Nürnberg"]
[Date "2019.04.16"]
[Round "2.3"]
[White "Hirn, Erwin"]
[Black "Erlbeck, Peter"]
[Result "1/2-1/2"]
[WhiteElo "2084"]
[BlackElo "2069"]
[PlyCount "45"]
[EventDate "2019.??.??"]
[WhiteTeam "SK Neumarkt"]
[BlackTeam "SW Nürnberg Süd"]

1. d4 f5 2. Nc3 Nf6 3. Bg5 d5 4. Bxf6 exf6 5. e3 Be6 6. Bd3 Nc6 7. Nge2 Qd7 8.
a3 O-O-O 9. b4 Kb8 10. Bb5 g5 11. Na4 a6 12. Bd3 f4 13. Nc5 Bxc5 14. bxc5 Ka7
15. Qd2 Rde8 16. exf4 Bg4 17. O-O gxf4 18. f3 Bf5 19. Rfe1 Bxd3 20. cxd3 Qf5
21. Qxf4 Qxd3 22. Rad1 Qe3+ 23. Kf1 1/2-1/2

[Event "Mittelfr. EM 2019 - HT"]
[Site "Nürnberg"]
[Date "2019.04.16"]
[Round "2.4"]
[White "Link, Andreas"]
[Black "Smyk, Jozef"]
[Result "1-0"]
[WhiteElo "2022"]
[BlackElo "1938"]
[PlyCount "151"]
[EventDate "2019.??.??"]
[WhiteTeam "Zabo-Eintracht Nürnberg"]
[BlackTeam "SK Neumarkt"]

1. e4 d6 2. d4 Nf6 3. Nc3 Nbd7 4. Nf3 e5 5. Bc4 Be7 6. Qe2 c6 7. a4 Qc7 8. Bd2
h6 9. Bb3 exd4 10. Nxd4 Nc5 11. Ba2 Be6 12. Nxe6 Nxe6 13. f4 O-O 14. O-O Rfe8
15. f5 Nc5 16. Qc4 Rf8 17. Bf4 Ncd7 18. Kh1 Ne5 19. Qe2 Rad8 20. b4 Rfe8 21.
Rab1 Bf8 22. a5 Be7 23. h3 Bf8 24. Qf2 b5 25. axb6 axb6 26. Be3 Ned7 27. b5 c5
28. Bd5 Ne5 29. Ra1 Nxd5 30. Nxd5 Qb7 31. Ra6 Nc4 32. Bc1 Rxe4 33. Rd1 Rde8 34.
f6 g6 35. Kh2 Re2 36. Qf3 Qd7 37. Nf4 Re1 38. Rxe1 Rxe1 39. Nd3 Re8 40. Qd5 Qe6
41. Qxe6 Rxe6 42. Ra8 g5 43. h4 Ne3 44. hxg5 hxg5 45. Kg3 Nd5 46. Bxg5 Nxf6 47.
Bxf6 Rxf6 48. Nf4 Rf5 49. Kg4 Re5 50. Rb8 c4 51. Rxb6 Kg7 52. Rb8 Be7 53. b6
Rg5+ 54. Kf3 Rb5 55. b7 d5 56. Nxd5 Bd6 57. Rd8 Rxd5 58. Rxd6 Rb5 59. Rd7 Kf6
60. Ke4 Ke6 61. Rc7 f5+ 62. Kd4 Kd6 63. Rg7 Rb2 64. Kc3 Rb1 65. Kxc4 Kc6 66.
Kd4 Rd1+ 67. Ke5 Rd8 68. Kxf5 Kb6 69. g4 Ka7 70. g5 Rd5+ 71. Kf6 Rc5 72. Re7
Rxc2 73. g6 Rf2+ 74. Ke6 Re2+ 75. Kf7 Rf2+ 76. Ke8 1-0

[Event "Mittelfr. EM 2019 - HT"]
[Site "Nürnberg"]
[Date "2019.04.16"]
[Round "2.5"]
[White "Löllmann, Heinrich"]
[Black "Kroneder, Christian"]
[Result "0-1"]
[WhiteElo "1921"]
[BlackElo "2045"]
[PlyCount "90"]
[EventDate "2019.??.??"]
[WhiteTeam "SV Bubenreuth"]
[BlackTeam "SK Schwanstetten"]

1. e4 c5 2. Nf3 d6 3. c4 Nc6 4. d4 cxd4 5. Nxd4 Nf6 6. Nc3 g6 7. Be2 Bg7 8. Be3
O-O 9. f3 Bd7 10. Qd2 Nxd4 11. Bxd4 a5 12. a4 Bc6 13. O-O Nd7 14. Bxg7 Kxg7 15.
Qd4+ Kg8 16. b3 Nc5 17. Rab1 Qb6 18. Rfd1 Ra6 19. Nb5 f5 20. exf5 Rxf5 21. Bd3
Rf7 22. Bc2 Ra8 23. Kh1 Raf8 24. Nc3 Rf4 25. Nd5 Bxd5 26. Qxd5+ Kg7 27. Re1 e5
28. Qd1 Rd4 29. Qe2 Qb4 30. Red1 Ne6 31. Be4 Rxd1+ 32. Qxd1 Nd4 33. Qd3 Ra8 34.
f4 Rf8 35. g3 Qb6 36. fxe5 dxe5 37. Rb2 Qb4 38. Kg2 b6 39. Rb1 Qc5 40. Rb2 Qa3
41. Qd2 Rf6 42. Qc3 Qa1 43. Bd3 Rf3 44. Rc2 Qxc3 45. Rxc3 e4 0-1

[Event "Mittelfr. EM 2019 - HT"]
[Site "Nürnberg"]
[Date "2019.04.16"]
[Round "2.6"]
[White "Hetzner, Hannes"]
[Black "Beck, Karl"]
[Result "1-0"]
[WhiteElo "1941"]
[BlackElo "1983"]
[PlyCount "69"]
[EventDate "2019.??.??"]
[WhiteTeam "SC Erlangen"]
[BlackTeam "SC Markt Berolzheim"]

1. e4 d6 2. d4 g6 3. Nc3 Bg7 4. Be3 Nf6 5. f3 c6 6. Qd2 Nbd7 7. O-O-O Qc7 8. g4
a6 9. g5 Nh5 10. Bh3 Nb6 11. Bg4 Nc4 12. Qe2 b5 13. Kb1 Nxe3 14. Qxe3 h6 15.
Bxh5 gxh5 16. h4 hxg5 17. hxg5 Bd7 18. f4 b4 19. Nce2 c5 20. Nf3 Ba4 21. Rd2
O-O-O 22. f5 f6 23. Nf4 Rdg8 24. Ne6 Qb6 25. Nxg7 Rxg7 26. g6 e6 27. Nh4 Re8
28. Qh6 Qb7 29. Qf4 e5 30. dxe5 Rxe5 31. Rxd6 Rxe4 32. Qh6 Rge7 33. Qf8+ Re8
34. g7 Re1+ 35. Rxe1 1-0

[Event "Mittelfr. EM 2019 - HT"]
[Site "Nürnberg"]
[Date "2019.04.17"]
[Round "3.1"]
[White "Liepold, Stefan"]
[Black "Reis, Gerhard"]
[Result "0-1"]
[WhiteElo "2147"]
[BlackElo "2200"]
[PlyCount "42"]
[EventDate "2019.??.??"]
[WhiteTeam "SC Erlangen"]
[BlackTeam "SW Nürnberg Süd"]

1. e4 c5 2. Nf3 Nc6 3. Nc3 Nf6 4. Bb5 Nd4 5. e5 Nxb5 6. Nxb5 Nd5 7. Ng5 f6 8.
Qf3 Nc7 9. exf6 exf6 10. Qe4+ Ne6 11. Nxh7 Qe7 12. Nxf8 Kxf8 13. O-O d5 14. Qe3
Bd7 15. Re1 Bxb5 16. c4 Qd6 17. cxb5 Nd4 18. g3 Kf7 19. Qd3 Qd7 20. h4 Qg4 21.
Re3 Rxh4 0-1

[Event "Mittelfr. EM 2019 - HT"]
[Site "Nürnberg"]
[Date "2019.04.17"]
[Round "3.2"]
[White "Seibold, Hubert"]
[Black "Link, Andreas"]
[Result "1/2-1/2"]
[WhiteElo "2119"]
[BlackElo "2022"]
[PlyCount "47"]
[EventDate "2019.??.??"]
[WhiteTeam "SK Zirndorf"]
[BlackTeam "Zabo-Eintracht Nürnberg"]

1. Nf3 Nf6 2. c4 c5 3. Nc3 Nc6 4. e4 e5 5. d3 d6 6. h3 Nd4 7. Nxd4 cxd4 8. Ne2
Be7 9. Ng3 h5 10. Be2 h4 11. Nf1 g6 12. Nh2 Nh5 13. Bd2 Bg5 14. Bxh5 Rxh5 15.
Nf3 Be7 16. Qb3 Qc7 17. O-O-O Be6 18. Kb1 O-O-O 19. Qa4 Kb8 20. Bc1 f5 21. Nd2
Bg5 22. f3 Be3 23. Nb3 Rg5 24. Bxe3 1/2-1/2

[Event "Mittelfr. EM 2019 - HT"]
[Site "Nürnberg"]
[Date "2019.04.17"]
[Round "3.3"]
[White "Erlbeck, Peter"]
[Black "Kotz, Reinhard"]
[Result "0-1"]
[WhiteElo "2069"]
[BlackElo "2153"]
[PlyCount "126"]
[EventDate "2019.??.??"]
[WhiteTeam "SW Nürnberg Süd"]
[BlackTeam "SK Herzogenaurach"]

1. e4 Nf6 2. e5 Nd5 3. c4 Nb6 4. d4 d6 5. f4 g6 6. Be3 Bg7 7. Nc3 Be6 8. b3 O-O
9. Nf3 c5 10. dxc5 N6d7 11. cxd6 exd6 12. Qxd6 Nxe5 13. Qxd8 Nxf3+ 14. gxf3
Rxd8 15. Rc1 Nc6 16. Kf2 Nb4 17. Be2 Bf6 18. h4 h5 19. Ne4 Bg7 20. Bc5 Nc6 21.
Rcd1 b6 22. Be3 Nb4 23. a4 Nc2 24. Rxd8+ Rxd8 25. Rd1 Rxd1 26. Bxd1 Nxe3 27.
Kxe3 Bf8 28. Kf2 Be7 29. Kg3 Bf5 30. Bc2 Kf8 31. Bd3 Kg7 32. Nf2 Kf6 33. Be4 a5
34. Nd1 Bb4 35. Ne3 Be1+ 36. Kg2 Be6 37. Bd5 Bxh4 38. Be4 Be1 39. f5 gxf5 40.
Bc6 Ke5 41. Nd5 Kd6 42. Bb5 Kc5 43. Nf4 Bd2 44. Nd5 f4 45. Be8 h4 46. Bb5 Bf5
47. Be8 Bc2 48. Bxf7 Bd1 49. Kh3 Bxf3 50. Nf6 Be3 51. Kxh4 Bd1 52. Nd5 Bxb3 53.
Nxb6 Kb4 54. Nd5+ Kxa4 55. Kg4 Bxc4 56. Be8+ Ka3 57. Nxf4 Kb4 58. Kf3 Bc1 59.
Ne2 Bb2 60. Ke3 Bb5 61. Bg6 a4 62. Kd2 a3 63. Bb1 Bf6 0-1

[Event "Mittelfr. EM 2019 - HT"]
[Site "Nürnberg"]
[Date "2019.04.17"]
[Round "3.4"]
[White "Kroneder, Christian"]
[Black "Hirn, Erwin"]
[Result "1-0"]
[WhiteElo "2045"]
[BlackElo "2084"]
[PlyCount "64"]
[EventDate "2019.??.??"]
[WhiteTeam "SK Schwanstetten"]
[BlackTeam "SK Neumarkt"]

1. d4 Nf6 2. Bf4 d5 3. e3 e6 4. Nd2 c5 5. c3 Bd6 6. Bg3 Nc6 7. Ngf3 b6 8. Bd3
Qc7 9. dxc5 bxc5 10. e4 Bb7 11. Qe2 dxe4 12. Nxe4 Nxe4 13. Bxe4 Rd8 14. Rd1 h6
15. Rxd6 Rxd6 16. Qb5 Ke7 17. Qxc5 Rhd8 18. Nd4 Ke8 19. O-O Qd7 20. Nb5 e5 21.
Bxe5 Nxe5 22. Qxe5+ Re6 23. Nc7+ Qxc7 24. Qxc7 Bxe4 25. Re1 Rd7 26. Qb8+ Rd8
27. Qb5+ Rd7 28. f3 Bd5 29. Qb8+ Ke7 30. Qb4+ Ke8 31. Rd1 Rb6 32. Qc5 Be6 1-0

[Event "Mittelfr. EM 2019 - HT"]
[Site "Nürnberg"]
[Date "2019.04.17"]
[Round "3.5"]
[White "Smyk, Jozef"]
[Black "Hetzner, Hannes"]
[Result "1/2-1/2"]
[WhiteElo "1938"]
[BlackElo "1941"]
[PlyCount "29"]
[EventDate "2019.??.??"]
[WhiteTeam "SK Neumarkt"]
[BlackTeam "SC Erlangen"]

1. d4 Nf6 2. Bf4 d5 3. e3 c5 4. c3 Nc6 5. Nd2 e6 6. Ngf3 cxd4 7. exd4 Nh5 8.
Bg5 f6 9. Be3 Bd6 10. g3 f5 11. Ne5 Nf6 12. Nd3 b6 13. Bg5 O-O 14. f4 Ba6 15.
Ne5 1/2-1/2

[Event "Mittelfr. EM 2019 - HT"]
[Site "Nürnberg"]
[Date "2019.04.17"]
[Round "3.6"]
[White "Beck, Karl"]
[Black "Löllmann, Heinrich"]
[Result "0-1"]
[WhiteElo "1983"]
[BlackElo "1921"]
[PlyCount "94"]
[EventDate "2019.??.??"]
[WhiteTeam "SC Markt Berolzheim"]
[BlackTeam "SV Bubenreuth"]

1. e4 e6 2. d4 d5 3. Nd2 c5 4. Ngf3 Nc6 5. exd5 Qxd5 6. Bc4 Qd6 7. Ne4 Qc7 8.
dxc5 Bxc5 9. Nxc5 Qa5+ 10. Bd2 Qxc5 11. Qe2 Nge7 12. Be3 Qa5+ 13. c3 O-O 14.
O-O Rd8 15. Rfd1 Bd7 16. b4 Qc7 17. Bc5 Be8 18. Ng5 b6 19. Nxe6 fxe6 20. Qxe6+
Kh8 21. Bd6 Qc8 22. Qe2 Qd7 23. Be6 Qb7 24. b5 Na5 25. Bg4 Nd5 26. Be5 Qf7 27.
Qe4 Nf6 28. Bxf6 Qxf6 29. c4 Bg6 30. Qe6 Bf7 31. Qxf6 gxf6 32. c5 bxc5 33. Re1
Re8 34. Bd7 Rxe1+ 35. Rxe1 Kg8 36. a4 Kf8 37. f4 Bb3 38. Bf5 h6 39. Re3 Rd8 40.
Rh3 Kg7 41. Rg3+ Kf7 42. Rh3 Be6 43. Bxe6+ Kxe6 44. Rxh6 c4 45. Rh7 Rd7 46. f5+
Kd6 47. Rh3 Kc5 0-1

[Event "Mittelfr. EM 2019 - HT"]
[Site "Nürnberg"]
[Date "2019.04.17"]
[Round "4.2"]
[White "Link, Andreas"]
[Black "Kroneder, Christian"]
[Result "1/2-1/2"]
[WhiteElo "2022"]
[BlackElo "2045"]
[PlyCount "20"]
[EventDate "2019.??.??"]
[WhiteTeam "Zabo-Eintracht Nürnberg"]
[BlackTeam "SK Schwanstetten"]

1. e4 c5 2. Nf3 d6 3. d4 cxd4 4. Nxd4 Nf6 5. Nc3 a6 6. Be2 e5 7. Nb3 Be6 8. Be3
b5 9. a4 b4 10. Nd5 Bxd5 1/2-1/2

[Event "Mittelfr. EM 2019 - HT"]
[Site "Nürnberg"]
[Date "2019.04.17"]
[Round "4.3"]
[White "Löllmann, Heinrich"]
[Black "Seibold, Hubert"]
[Result "1/2-1/2"]
[WhiteElo "1921"]
[BlackElo "2119"]
[PlyCount "129"]
[EventDate "2019.??.??"]
[WhiteTeam "SV Bubenreuth"]
[BlackTeam "SK Zirndorf"]

1. e4 c5 2. Nf3 Nc6 3. c4 g6 4. d4 cxd4 5. Nxd4 Bg7 6. Be3 Nf6 7. Nc3 d6 8. Be2
O-O 9. f3 Bd7 10. Qd2 a5 11. a4 Nxd4 12. Bxd4 Bc6 13. O-O Nd7 14. Bxg7 Kxg7 15.
Qd4+ Kg8 16. b3 Nc5 17. Rab1 Qb6 18. Rfd1 Nd7 19. Qxb6 Nxb6 20. Bd3 Rfd8 21.
Rb2 Kf8 22. Rbd2 Nd7 23. Bc2 Rdc8 24. Kf2 Nc5 25. Ne2 b6 26. h4 h6 27. g3 Kg7
28. Nd4 Be8 29. Kg2 Kf6 30. Re1 e5 31. Ne2 Ke7 32. Red1 Rd8 33. Nc3 Bc6 34. Ne2
f6 35. Kf2 Rd7 36. Nc3 Ne6 37. Ne2 Rf8 38. g4 Rdd8 39. Kg3 Ng7 40. f4 Ne6 41.
f5 gxf5 42. exf5 Nc5 43. h5 Rg8 44. Nc3 Rg5 45. Kh4 Rg7 46. Kh3 Rdg8 47. Rg1
Kd7 48. Rg3 Kc7 49. Rd1 Rd7 50. Re3 Rgd8 51. Ne4 Nxe4 52. Bxe4 Bxe4 53. Rxe4 d5
54. cxd5 Rxd5 55. Rc4+ Rc5 56. Rxc5+ bxc5 57. Rxd8 Kxd8 58. Kg3 Kd7 59. Kf3 Kc6
60. Ke4 Kd6 61. Kf3 Kd5 62. Ke3 e4 63. Ke2 Kd6 64. Kd2 Kd5 65. Ke2 1/2-1/2

[Event "Mittelfr. EM 2019 - HT"]
[Site "Nürnberg"]
[Date "2019.04.17"]
[Round "4.4"]
[White "Hetzner, Hannes"]
[Black "Liepold, Stefan"]
[Result "1/2-1/2"]
[WhiteElo "1941"]
[BlackElo "2147"]
[PlyCount "111"]
[EventDate "2019.??.??"]
[WhiteTeam "SC Erlangen"]
[BlackTeam "SC Erlangen"]

1. d4 Nf6 2. c4 g6 3. Nc3 d5 4. cxd5 Nxd5 5. e4 Nxc3 6. bxc3 Bg7 7. Nf3 c5 8.
Be3 Qa5 9. Qd2 Nc6 10. Rb1 cxd4 11. cxd4 Qxd2+ 12. Kxd2 O-O 13. Bd3 e6 14. h4
Rd8 15. e5 b6 16. h5 Bb7 17. Bg5 Rd7 18. Ke3 Ne7 19. Bxe7 Rxe7 20. h6 Bf8 21.
Rbc1 Rd8 22. Be4 Rc8 23. Rxc8 Bxc8 24. d5 exd5 25. Bxd5 Be6 26. Ke4 Bxd5+ 27.
Kxd5 Rc7 28. Ng5 Rc5+ 29. Kd4 f6 30. Nf3 fxe5+ 31. Nxe5 Ra5 32. Nd7 Rxa2 33.
Nxf8 Kxf8 34. Rc1 Rxf2 35. Rc8+ Kf7 36. Rc7+ Kf6 37. Rxh7 Rxg2 38. Rxa7 Rh2 39.
Rb7 Kf5 40. Rxb6 Rxh6 41. Ke3 Kg4 42. Kf2 Kf5 43. Kg1 Rh3 44. Rb1 g5 45. Ra1
Rc3 46. Rb1 Kf4 47. Ra1 g4 48. Rb1 Kg3 49. Ra1 Kh3 50. Rb1 Rc2 51. Rb3+ g3 52.
Rb1 Rg2+ 53. Kh1 Rf2 54. Kg1 Rg2+ 55. Kh1 Rf2 56. Kg1 1/2-1/2

[Event "Mittelfr. EM 2019 - HT"]
[Site "Nürnberg"]
[Date "2019.04.17"]
[Round "4.5"]
[White "Smyk, Jozef"]
[Black "Erlbeck, Peter"]
[Result "1/2-1/2"]
[WhiteElo "1938"]
[BlackElo "2069"]
[PlyCount "61"]
[EventDate "2019.??.??"]
[WhiteTeam "SK Neumarkt"]
[BlackTeam "SW Nürnberg Süd"]

1. d4 f5 2. Bg5 g6 3. e3 Bg7 4. h4 d6 5. Bc4 h6 6. Bf4 c6 7. c3 Nf6 8. Nd2 d5
9. Be2 Nbd7 10. Ngf3 Ng4 11. Nh2 e5 12. Bg3 Nxh2 13. Rxh2 O-O 14. dxe5 Nxe5 15.
Bxe5 Bxe5 16. g3 Kg7 17. Nf3 Bf6 18. Qc2 Qe7 19. O-O-O b5 20. Nd4 Bxd4 21. cxd4
Bd7 22. Kb1 a5 23. Bd3 a4 24. Qc5 Qxc5 25. dxc5 b4 26. Rhh1 Rfb8 27. Rhe1 Ra5
28. Rc1 Kf6 29. Red1 Be6 30. Be2 Bc8 31. Rd4 1/2-1/2

[Event "Mittelfr. EM 2019 - HT"]
[Site "Nürnberg"]
[Date "2019.04.17"]
[Round "4.6"]
[White "Hirn, Erwin"]
[Black "Beck, Karl"]
[Result "0-1"]
[WhiteElo "2084"]
[BlackElo "1983"]
[PlyCount "136"]
[EventDate "2019.??.??"]
[WhiteTeam "SK Neumarkt"]
[BlackTeam "SC Markt Berolzheim"]

1. d4 Nf6 2. c4 e6 3. Nf3 b6 4. Nc3 Bb7 5. Bg5 Be7 6. e3 Ne4 7. Bxe7 Qxe7 8.
Bd3 Nxc3 9. bxc3 Nc6 10. O-O Na5 11. e4 O-O 12. Nd2 f5 13. Qe2 Rae8 14. exf5
exf5 15. Qxe7 Rxe7 16. Rfe1 Ref7 17. Nb3 Nc6 18. c5 Rf6 19. d5 Nb8 20. c4 Na6
21. Re7 Rd8 22. cxb6 axb6 23. a3 g6 24. Rae1 Rf7 25. f3 Kg7 26. Nd4 Nc5 27. Bb1
Kf6 28. Rxf7+ Kxf7 29. Nb5 Ba6 30. Kf2 Bxb5 31. cxb5 Ra8 32. Re3 Ra5 33. Ba2 d6
34. Bc4 Ra4 35. Rc3 f4 36. Ba2 Kf6 37. Ke2 g5 38. Bb1 h6 39. Bd3 Ke5 40. Be4
Kd4 41. Kd2 Rc4 42. Rxc4+ Kxc4 43. Bc2 Kxd5 44. Kc3 Ke5 45. Bb1 Nd7 46. Ba2 Nf6
47. Kd3 Nd5 48. g3 Ne3 49. g4 d5 50. Bb3 d4 51. Bf7 Nd5 52. Kc4 Nf6 53. Kd3 Nd7
54. Bc4 Nc5+ 55. Ke2 Kd6 56. Bf7 Nb7 57. Kd3 Kc5 58. a4 Nd6 59. Be6 Ne8 60. Ke4
Nd6+ 61. Kd3 Kb4 62. Kxd4 Kxa4 63. Bd7 Kb4 64. Ke5 Nxb5 65. Kf6 Nd4 66. Kg6
Nxf3 67. Kxh6 Nxh2 68. Kxg5 f3 0-1

[Event "Mittelfr. EM 2019 - HT"]
[Site "Nürnberg"]
[Date "2019.04.18"]
[Round "5.1"]
[White "Link, Andreas"]
[Black "Reis, Gerhard"]
[Result "1/2-1/2"]
[WhiteElo "2022"]
[BlackElo "2200"]
[PlyCount "30"]
[EventDate "2019.??.??"]
[WhiteTeam "Zabo-Eintracht Nürnberg"]
[BlackTeam "SW Nürnberg Süd"]

1. Nf3 Nf6 2. c4 g6 3. g3 Bg7 4. Bg2 O-O 5. O-O d6 6. Nc3 e5 7. d4 exd4 8. Nxd4
Re8 9. e4 Nbd7 10. Nc2 Nc5 11. f3 Nfd7 12. Be3 Ne5 13. Qe2 Be6 14. Na3 c6 15.
Rad1 Qe7 1/2-1/2

[Event "Mittelfr. EM 2019 - HT"]
[Site "Nürnberg"]
[Date "2019.04.18"]
[Round "5.2"]
[White "Kotz, Reinhard"]
[Black "Seibold, Hubert"]
[Result "1-0"]
[WhiteElo "2153"]
[BlackElo "2119"]
[PlyCount "69"]
[EventDate "2019.??.??"]
[WhiteTeam "SK Herzogenaurach"]
[BlackTeam "SK Zirndorf"]

1. e4 c5 2. d4 cxd4 3. c3 dxc3 4. Nxc3 Nc6 5. Nf3 e6 6. Bc4 a6 7. O-O b5 8. Bb3
Bb7 9. a4 b4 10. Nd5 Bc5 11. Bg5 f6 12. Rc1 d6 13. Nf4 fxg5 14. Nxe6 Qe7 15. e5
g4 16. exd6 Qxd6 17. Nxc5 O-O-O 18. Ng5 Qxd1 19. Bxd1 Nh6 20. Nge6 Rd2 21. Nb3
Rd6 22. Nec5 Kb8 23. f3 Bc8 24. Be2 gxf3 25. Bxf3 Nd4 26. Nxd4 Rxd4 27. Rfe1
Nf5 28. Nb3 Rd6 29. Rc4 a5 30. Nxa5 Rd2 31. Rxb4+ Kc7 32. Rc4+ Kd6 33. Rc6+ Kd7
34. Nc4 Bb7 35. Rb6 1-0

[Event "Mittelfr. EM 2019 - HT"]
[Site "Nürnberg"]
[Date "2019.04.18"]
[Round "5.3"]
[White "Kroneder, Christian"]
[Black "Hetzner, Hannes"]
[Result "0-1"]
[WhiteElo "2045"]
[BlackElo "1941"]
[PlyCount "58"]
[EventDate "2019.??.??"]
[WhiteTeam "SK Schwanstetten"]
[BlackTeam "SC Erlangen"]

1. d4 Nf6 2. Bf4 d5 3. e3 c5 4. c3 Nc6 5. Nd2 e6 6. Ngf3 cxd4 7. exd4 Nh5 8.
Bg5 f6 9. Ne5 g6 10. Bh4 Bd6 11. Bb5 Qb6 12. Bxc6+ bxc6 13. Nd3 Ba6 14. Nb3
Bxd3 15. Qxd3 Nf4 16. Qf1 O-O 17. Bg3 a5 18. Bxf4 Bxf4 19. Qe2 e5 20. O-O Rae8
21. Qf3 g5 22. g3 e4 23. Qh5 Bd6 24. h4 Re7 25. hxg5 fxg5 26. Kg2 a4 27. Nd2
Qxb2 28. Qxg5+ Rg7 29. Qe3 Bf4 0-1

[Event "Mittelfr. EM 2019 - HT"]
[Site "Nürnberg"]
[Date "2019.04.18"]
[Round "5.4"]
[White "Liepold, Stefan"]
[Black "Erlbeck, Peter"]
[Result "1-0"]
[WhiteElo "2147"]
[BlackElo "2069"]
[PlyCount "81"]
[EventDate "2019.??.??"]
[WhiteTeam "SC Erlangen"]
[BlackTeam "SW Nürnberg Süd"]

1. e4 c5 2. Nf3 Nc6 3. d4 cxd4 4. Nxd4 Nf6 5. Nc3 e6 6. Nxc6 bxc6 7. e5 Nd5 8.
Ne4 Qc7 9. f4 Qb6 10. c4 Bb4+ 11. Ke2 Ba6 12. Kf3 f5 13. exf6 Nxf6 14. c5 Bxc5
15. Nxc5 Bxf1 16. Na4 Qb5 17. Rxf1 Qh5+ 18. Kf2 Ng4+ 19. Ke1 Qf5 20. h3 Nf6 21.
Qd4 O-O 22. b3 Rae8 23. Qe5 Qg6 24. Ba3 Qg3+ 25. Rf2 Rf7 26. Bd6 Nd5 27. f5 Qh4
28. Kf1 Nf6 29. Re1 h5 30. Qg3 Qd4 31. Be5 Qb4 32. Bxf6 Rxf6 33. Qd3 d5 34.
Rxe6 Rfxe6 35. fxe6 Rxe6 36. Kg1 Qe1+ 37. Rf1 Qe5 38. Nc5 Re7 39. Qf3 Qd4+ 40.
Qf2 Qxf2+ 41. Kxf2 1-0